000 00401nam a2200169Ia 4500
008 230524s9999 xx 000 0 und d
020 _a9780070601680
082 _a5.73
_bSEY
100 _aSeymour Lipschutz
245 0 _aSchaum's Data Structure
250 _a2ND
260 _aNEW DELHI
_bTMH
_c1986
300 _aVIII;344
500 _aQuantity Number: 228
650 _aComp-Sc
942 _cBK
999 _c23067
_d23067